00715nam a22001695i 4500001000700000003000900007005001700016008004100033040002000074100004900094245012900143260004400272300003500316490005000351830005000401852009400451160430ES-MaACL20251122063133.0040924s1879 gw |||| | eng d aCAM bspa cCAM1 aMurray, Eustace Clare Grenville, d1824-188110aThat artful vicar b: the story of what a clergyman tried to do for others and did for himself / cby E.C. Grenville Murray. aLeipzig : bBernhard Tauchnitz, c1879. a2 v. (287 ; 288 p.) ; c16 cm.1 aCollection of british authors ; v1820 ; 18210 aCollection of british authors ; v1820 ; 1821 aES-MaACLjG-11602 z-- Enc. hol., conservando las cubs. originales z-- Enc. 2 t. en 1 v.